Religion Quiz

Random Religion or Bible Quiz

Bible 'A' Blitz Quiz Stats

 Plays Quiz Updated Feb 7, 2015

Challenge
Share
Tweet
Embed
Score 0/10 Timer 01:30
2 Plays Today
Category Answer % Correct
New Testament bookActs
89.6%
Disciple of JesusAndrew
70.2%
Old Testament bookAmos
66.7%
MountainArarat
57.1%
WomanAbigail
42.4%
Tribe of IsraelAsher
41%
Son of DavidAbsalom
40.6%
King of the Northern KingdomAhab
37.9%
King of the Southern KingdomAhaz
24.8%
JudgeAbdon
6%

You're not logged in!

Compare scores with friends on all Sporcle quizzes.
Join for Free
OR
Log In

You Might Also Like...

Show Comments

Extras

Top Quizzes Today


Score Distribution

Your Account Isn't Verified!

In order to create a playlist on Sporcle, you need to verify the email address you used during registration. Go to your Sporcle Settings to finish the process.

Report this User

Report this user for behavior that violates our Community Guidelines.

Details: